DENTAL MATERIALS PREP MANUAL FOR UNDERGRADUATES (Record no. 12314)

MARC details
000 -LEADER
fixed length control field 00356nam a22001457a 4500
003 - CONTROL NUMBER IDENTIFIER
control field SGT
020 ## - INTERNATIONAL STANDARD BOOK NUMBER
International Standard Book Number 9788131209097
082 ## - DEWEY DECIMAL CLASSIFICATION NUMBER
Classification number 617.695
Item number D07K
100 ## - MAIN ENTRY--PERSONAL NAME
Personal name KOUDI M.S, PATIL
245 ## - TITLE STATEMENT
Title DENTAL MATERIALS PREP MANUAL FOR UNDERGRADUATES
260 ## - PUBLICATION, DISTRIBUTION, ETC. (IMPRINT)
Place of publication, distribution, etc ELSEVIER
Name of publisher, distributor, etc AHUJA BOOKS PUBLISHER
300 ## - PAGE DESCRIPTION
No. of Pages 257
650 ## - SUBJECT ADDED ENTRY--TOPICAL TERM
Topical term or geographic name as entry element DENTAL MATERIALS
942 ## - ADDED ENTRY ELEMENTS (KOHA)
Source of classification or shelving scheme Dewey Decimal Classification
Koha item type Books
942 ## - ADDED ENTRY ELEMENTS (KOHA)
-- 6
Holdings
Withdrawn status Lost status Source of classification or shelving scheme Damaged status Not for loan Home library Current library Shelving location Date acquired Vendor Name Cost, normal purchase price SGTU Bill Number Total Checkouts Full call number Accession No. (Barcode) Date last seen Date last borrowed Bill Date Koha item type
    Dewey Decimal Classification     SGT Dental Library SGT Dental Library On Display 10/07/2017 ELEVIER 375.00 SGTU 8252 4 617.695 D07K FD7561 22/12/2023 08/12/2023 14/06/2017 Books
    Dewey Decimal Classification     SGT Dental Library SGT Dental Library On Display 10/07/2017 ELEVIER 375.00 SGTU 8252 3 617.695 D07K FD7562 30/08/2025 07/08/2025 14/06/2017 Books
    Dewey Decimal Classification     SGT Dental Library SGT Dental Library On Display 10/07/2017 ELEVIER 375.00 SGTU 8252 5 617.695 D07K FD7563 03/09/2025 24/07/2025 14/06/2017 Books